000 00501nam a2200205Ia 4500
003 GCL
005 20240530100615.0
008 140319s9999 xx 000 0 eng d
040 _aGCL /
_cGCL
082 0 4 _a759
_bW C
100 1 _aWERNER, ALFRED
245 1 0 _aCHAIM SOUTINE /
_cWERNER, ALFRED
260 _a[S.N] :
_bTHAMES AND HUDSON ،
_c1991
300 _a128 PP
650 0 4 _aSOUTINE, CHAIM (1843-1943)
650 0 4 _aARTS
650 0 4 _aPAINTING
650 0 4 _aPAINTERS
942 _2ddc
_cBK
999 _c18848
_d18848